Information Technology In real Estet Business

Bibliographic Details
Main Author: Maurimootoo, N.
Other Authors: Sookhareea, B.
Format: Book
Published: Bangi : Institut Penilaian Negara , 2006
Subjects:

MARC

LEADER 00000cam a2200000 7i4500
001 0000016629
005 20060609.0
040 |a INS 
090 0 0 |a MTCP81 
100 1 |a Maurimootoo, N. 
245 1 0 |a Information Technology In real Estet Business   |c N. Maurimootoo and B. Sookhareea 
260 |a Bangi :   |b Institut Penilaian Negara ,   |c 2006 
300 |a 28 ms. ;   |c 29 cm. 
650 0 0 |a Malaysia Technical Cooperation Programme 
650 0 0 |a Real estate business   |z Mauritius 
700 1 |a Sookhareea, B. 
999 |a MTCP000106   |b BOOK   |c Course Notes   |e Default branch